书目信息 |
| 题名: |
共同富裕与分配正义
|
|
| 作者: | 贾可卿, 著 | |
| 分册: | ||
| 出版信息: | 北京 人民出版社 2018 |
|
| 页数: | 254页 | |
| 开本: | 23cm | |
| 丛书名: | ||
| 单 册: | ||
| 中图分类: | F124.7 , F014.4 | |
| 科图分类: | ||
| 主题词: | 共同富裕--gong tong fu yu--研究--中国 , 分配理论--fen pei li lun--研究 | |
| 电子资源: | ||
| ISBN: | 978-7-01-019150-8 | |
| 000 | 01370nam0 2200301 450 | |
| 001 | 012001009603 | |
| 005 | 20140102172712.0 | |
| 010 | @a978-7-01-019150-8@dCNY47.00 | |
| 099 | @aCAL 012018077617 | |
| 100 | @a20180625d2018 em y0chiy50 ea | |
| 101 | 0 | @achi |
| 102 | @aCN@b110000 | |
| 105 | @ay a 000yy | |
| 106 | @ar | |
| 200 | 1 | @a共同富裕与分配正义@Agong tong fu yu yu fen pei zheng yi@f贾可卿著 |
| 210 | @a北京@c人民出版社@d2018 | |
| 215 | @a254页@d23cm | |
| 314 | @a贾可卿 (1975-),男,汉族,山东省乐县人,法学博士,副研究员。2003年以来,先后在中共中央党校科学社会主义教研部、中共中央宣传部理论局 (借调)、北京师范大学政治学博士后流动站、中国社会科学院马克思主义研究院工作。在《北京大学学报》《中共中央党校学报》等刊物发表论文40余篇,出版专著3部。 | |
| 320 | @a有书目 (第251-254页) | |
| 330 | @a本书围绕共同富裕目标及分配正义原则的实现,须在基本制度层面完善和发展具有中国特色的协商政治制度、市场经济体制及社会保障制度,在政策层面处理好税收调节、土地产权改革、公共服务均等化等问题,在精神层面实现伦理道德与制度正义的良性互动。 | |
| 333 | @a共同富裕与分配理论研究者及相关读者。 | |
| 606 | 0 | @a共同富裕@Agong tong fu yu@x研究@y中国 |
| 606 | 0 | @a分配理论@Afen pei li lun@x研究 |
| 690 | @aF124.7@v4 | |
| 690 | @aF014.4@v4 | |
| 701 | 0 | @a贾可卿,@Ajia ke qing@f1975-@4著 |
| 801 | 2 | @aCN@b上海新华@c20191020 |
| 905 | @b1188823-6@dF124.7@e361@f4 | |
| 共同富裕与分配正义/贾可卿著.-北京:人民出版社,2018 |
| 254页;23cm |
| 使用对象:共同富裕与分配理论研究者及相关读者。 |
| ISBN 978-7-01-019150-8:CNY47.00 |
| 本书围绕共同富裕目标及分配正义原则的实现,须在基本制度层面完善和发展具有中国特色的协商政治制度、市场经济体制及社会保障制度,在政策层面处理好税收调节、土地产权改革、公共服务均等化等问题,在精神层面实现伦理道德与制度正义的良性互动。 |
| ● |
| 相关链接 |
|
|
|
|
正题名:共同富裕与分配正义
索取号:F124.7/361
 
预约/预借
| 序号 | 登录号 | 条形码 | 馆藏地/架位号 | 状态 | 备注 |
| 1 | 1188823 | 211888233 | 第一样本阅览室/ [索取号:F124.7/361] | 在馆 | |
| 2 | 1188824 | 211888242 | 第一借阅区/ [索取号:F124.7/361] | 在馆 | |
| 3 | 1188825 | 211888251 | 第一借阅区/ [索取号:F124.7/361] | 在馆 | |
| 4 | 1188826 | 211888260 | 第一借阅区/ [索取号:F124.7/361] | 在馆 |